Learning strategies in second language acquisition / (Registro nro. 51236)

Detalles MARC
000 -LEADER
campo de control de longitud fija 01983cam a22004574i 4500
003 - IDENTIFICADOR DE NÚMERO DE CONTROL
campo de control PE-LiUPU
005 - FECHA Y HORA DE LA ÚLTIMA TRANSACCIÓN
campo de control 20250731175636.0
008 - DATOS DE LONGITUD FIJA--INFORMACIÓN GENERAL
campo de control de longitud fija 150706s r 000 0 d
020 ## - NÚMERO INTERNACIONAL ESTÁNDAR DEL LIBRO
Número Internacional Estándar del Libro 052135286X
020 ## - NÚMERO INTERNACIONAL ESTÁNDAR DEL LIBRO
Número Internacional Estándar del Libro 052135837X
035 ## - NÚMERO DE CONTROL DEL SISTEMA
Número de control de sistema (Sirsi) i9780521352864
040 ## - FUENTE DE CATALOGACIÓN
Centro catalogador/agencia de origen PE-LiUPU
Lengua de catalogación spa
Centro/agencia transcriptor PE-LiUPU
Normas de descripción rda
049 ## - FONDOS LOCALES (OCLC)
Biblioteca depositaria PRUA
082 04 - NÚMERO DE LA CLASIFICACIÓN DECIMAL DEWEY
Número de clasificación 418.007
Cutter O21
Número de edición 21
100 1# - ENTRADA PRINCIPAL--NOMBRE DE PERSONA
Nombre de persona O'Malley, J. Michael,
Término indicativo de función/relación autor.
245 10 - MENCIÓN DEL TÍTULO
Título Learning strategies in second language acquisition /
Mención de responsabilidad, etc. J. Michael O'Malley y Anna Uhl Chamot.
264 #1 - PRODUCCIÓN, PUBLICACIÓN, DISTRIBUCIÓN, FABRICACIÓN Y COPYRIGHT
Producción, publicación, distribución, fabricación y copyright Cambridge [England] ; New York :
Nombre del de productor, editor, distribuidor, fabricante Cambridge University Press,
Fecha de producción, publicación, distribución, fabricación o copyright 1990.
300 ## - DESCRIPCIÓN FÍSICA
Extensión 260 páginas ;
Dimensiones 23 centímetros
336 ## - TIPO DE CONTENIDO
Término de tipo de contenido text
Fuente rdacontent
337 ## - TIPO DE MEDIO
Nombre/término del tipo de medio unmediated
Fuente rdamedia
338 ## - TIPO DE SOPORTE
Nombre/término del tipo de soporte volume
Fuente rdacarrier
490 0# - MENCIÓN DE SERIE
Mención de serie The Cambridge applied lingüistics series
505 0# - NOTA DE CONTENIDO CON FORMATO
Nota de contenido con formato A cognitive theory of learning -- How cognitive theory applies to second language acquisition -- Learning strategies: methods and research -- Strategies used by second language learners -- Instruction in learning strategies -- Learning strategies: models and materials -- Summary and conclusions.
526 ## - NOTA DE INFORMACIÓN SOBRE EL PROGRAMA DE ESTUDIO
Nombre del programa Comunicación Y Periodismo
526 ## - NOTA DE INFORMACIÓN SOBRE EL PROGRAMA DE ESTUDIO
Nombre del programa Educación, Especialidad Inglés Y Español (A Distancia)
526 ## - NOTA DE INFORMACIÓN SOBRE EL PROGRAMA DE ESTUDIO
Nombre del programa Educación, Especialidad Inglés Y Español
526 ## - NOTA DE INFORMACIÓN SOBRE EL PROGRAMA DE ESTUDIO
Nombre del programa Teología
526 ## - NOTA DE INFORMACIÓN SOBRE EL PROGRAMA DE ESTUDIO
Nombre del programa Educación secundaria, especialidad lingüística e inglés
526 ## - NOTA DE INFORMACIÓN SOBRE EL PROGRAMA DE ESTUDIO
Nombre del programa Ciencias de la comunicación
541 ## - NOTA DE FUENTE DE ADQUISICIÓN DIRECTA
-- 001-001819;
596 ## -
-- 1
650 04 - PUNTO DE ACCESO ADICIONAL DE MATERIA--TÉRMINO DE MATERIA
Término de materia o nombre geográfico como elemento de entrada Segunda lengua
Subdivisión general Adquisición.
700 1# - ENTRADA AGREGADA--NOMBRE PERSONAL
Nombre de persona Long, Michael H:,
Término indicativo de función/relación ed.
700 1# - ENTRADA AGREGADA--NOMBRE PERSONAL
Nombre de persona Richards Jack C.,
Término indicativo de función/relación ed.
700 1# - ENTRADA AGREGADA--NOMBRE PERSONAL
Nombre de persona Uhl Chamot, Anna,
Término indicativo de función/relación autor.
910 ## - DATOS DE OPCIÓN DEL USUARIO (OCLC)
-- jv
-- ng
-- 20100930
942 ## - ELEMENTOS DE ENTRADA SECUNDARIOS (KOHA)
Fuente del sistema de clasificación o colocación Clasificación Decimal Dewey
Tipo de ítem Koha
949 ## - PROCESAMIENTO DE INFORMACIÓN LOCAL (OCLC)
a 418.007 O21
w DEWEY
c 1
i 62147
d 2015-10-15
e 2015-10-14
l CCODEBUL1
m BUL
n 9
p 30.00
r 0
s Y
t BOOK
u 2015-7-6
x EDUCACION
-- P20
0 COMPRA
o .STAFF. Colección General
994 ## -
-- C0
-- PEPRU
999 ## - NÚMEROS DE CONTROL DE SISTEMA (KOHA)
-- DEWEY
-- 62147
-- 2020-1-19
-- 2021-11-8
-- 5
-- CCODEBUL1
-- BUL
-- 12
-- 30.00
-- 1
-- 0
-- Y
-- BOOK
-- 2015-7-6
-- EDUCACION
-- P20
-- COMPRA
-- .STAFF. Colección General
980 ## - EQUIVALENCIA O REFERENCIA-CRUZADA-MENCIÓN DE SERIE--NOMBRE DE PERSONA/TÍTULO [LOCAL, CANADÁ]
ID del último usuario que modificó el registro 1
Nombre del último usuario que modificó el registro ALBERTO SANCHEZ Responsable de Automatización
Existencias
Visto por última vez Número de inventario Total de préstamos Signatura topográfica completa Código de barras Fecha del último préstamo Copia número Coste, precio de reemplazo Fecha de reemplazo Facultad Tipo de ítem Koha Nota pública Estado de pérdida Fuente del sistema de clasificación o colocación Restricciones de uso No para préstamo Colección Programa académico Biblioteca de origen Biblioteca actual Ubicación en estantería Fecha de adquisición Fuente de adquisición Coste, precio normal de compra
2025-12-02 6 13 418.007 O21 62147 2024-05-03 e1 35.00 2015-07-06 FACIHED Libros físicos inventario-2023-12-13 No Perdido Clasificación Decimal Dewey No restringido Disponible para préstamos Colección General Educación primaria Biblioteca CRAI UPeU Lima Biblioteca CRAI UPeU Lima Sala principal 2015-07-06 COMPRA 30.00